000 00548nmm a2200193Ia 4500
008 251105s9999||||xx |||||||||||||||||und||
020 _a9788490651667
041 _aspa
100 _aDobbs, Michael
245 0 _aJaque al rey (House of Cards)
264 _a[Madrid, España] :
_bAlba Editorial,
_c2016
300 _a336 páginas
490 _aAlba Contemporánea
650 _aEnglish Narrative
700 _aDobbs, Michael
700 1 _a Antón de Vez, Patricia
856 _uhttps://public.digitaliapublishing.com/a/48881
942 _cCF
999 _c64824
_d64824